000
00212nam a2200097Ia 4500
008
240331s9999 xx 000 0 und d
082
_a
302.23
_b
RAJ
100
_a
Rajendran, Y
245
0
_a
African cinema
942
_c
L
999
_c
1141
_d
1141